000 01199cam a22003377a 4500
003 CHAP
005 20240617130238.0
008 010920d2001 mx r 00110 spa d
010 _a85893
011 _a86865
035 _a97405
040 _cCHAP
090 _aTesis
100 1 0 _aRojas Rojas, María Magdalena
_999368
245 1 0 _aElaboración de un manual para la producción de leche cruda de alta calidad higiénica
_c/por María Magdalena Rojas Rojas
260 _aChapingo, Méx. :
_bEl autor,
_c2002.
300 _a120 h. :
_bilus. ; anexo
502 _aTesis (Ing. Agroindustrial) --UACH. Departamento de Ingeniería Agroindustrial
590 _aALEPH
_b10
_c20130110
_lUCH01
_h1447
590 _aBATCH-UPD
_b10
_c20130110
_lUCH01
_h1959
590 _aBATCH-UPD
_b10
_c20130410
_lUCH01
_h1320
590 _aBATCH-UPD
_b10
_c20130914
_lUCH01
_h1717
590 _aCONVERSION
_b10
_c20130109
_lUCH01
_h1348
650 1 4 _aLeche
_xCalidad.
_965362
650 1 4 _aLeche
_xProducción.
_965400
901 _aBK
905 _aAlejandra Carrasco M.
942 _cFOLL
949 _aTesis
_bBC
_cTES
_d33724000867214
_eTS2
_fc.2
_h39464
_i97405
_si
949 _aTesis
_bBC
_cTES
_d974051
_eTS1
_h39463
_i97405
_sb
999 _c85893
_d85893